UK - all answers begin with F - Statistics

General Stats
  • This quiz has been taken 19 times
  • The average score is 7 of 20
Answer Stats
Hint Answer % Correct
Scientist who discovered Penicillin Alexander Fleming
88%
British archipelago in the S Atlantic Falklands
88%
London street, which historically housed several newspaper offices Fleet St
69%
Kentish port which used to run ferries to France prior to the opening of the Channel Tunnel Folkestone
63%
The most famous of the Gunpowder Plotters Fawkes
56%
Edinburgh is on this river's S bank Forth
56%
Low-lying area of E Anglia Fens
50%
Container Port in Suffolk Felixstowe
38%
English scientist and pioneer of electromagnetism Michael Faraday
38%
Northern Irish county, largest town Eniskillen Fermanagh
31%
County of NE Wales which borders Cheshire Flintshire
31%
Site of battle in 1513 in Northumberland between England and Scotland Flodden
31%
Lancashire peninsula where Blackpool is located Fylde
25%
Group of islands in the N Sea whose most famous resident was Grace Darling Farne Islands
19%
Scottish county situated on a peninsula between Dundee and Edinburgh Fife
19%
16th century English explorer who landed on Baffin island and has a bay named after him Martin Frobisher
13%
Island half way between Orkney and Shetland with a population of 60 Fair Isle
6%
Yorkshire promontory near Bridlington Flamborough Head
6%
British explorer who died in the Canadian Arctic and several expeditions were mounted in a failed attempt to rescue his crew John Franklin
6%
Sea area in the N Sea Forties
0%
No matching quizzes found
Score Distribution
Percent of People with Each Score
Percentile by Number Answered
Your Score History
You have not taken this quiz